Všechny plachty na vodu /

Čtyři povídky přibližují na situacích lásky, přátelství a postoje k životu několik typů mladých lidí a ve shovívavém pohledu odhalují jejich citovou vyprahlost, přízemní smýšlení a snahu po bezstarostném vegetování, přičemžnezůstávají jen u odhalení a naznačují i správnou cestu....

Celý popis

Hlavní autor: Veverka, Přemysl, 1940-2016
Jazyk: Čeština
Vydáno: Praha : Československý spisovatel, 1978
Vydání: 1. vyd.
Edice: Malá žatva
Fyzický popis: 126, [3] s. ; 8°
Knihy
Uloženo v:
LEADER 01118nam a22002652a 4500
001 000902338
003 CZ BrMZK
005 20201106071712.0
007 ta
008 080625s1978 xr er 000 0 cze d
015 |a cnb000159982 
040 |a ABA001  |b cze  |c CBA001  |d ABA001  |d BOA001 
080 9 |a 885-321.4 
100 1 |a Veverka, Přemysl,  |d 1940-2016  |7 jk01142275  |4 aut 
245 1 0 |a Všechny plachty na vodu /  |c Přemysl Veverka ; kresby Jiří Mocek 
250 |a 1. vyd. 
260 |a Praha :  |b Československý spisovatel,  |c 1978 
300 |a 126, [3] s. ;  |c 8° 
490 1 |a Malá žatva 
520 2 |a Čtyři povídky přibližují na situacích lásky, přátelství a postoje k životu několik typů mladých lidí a ve shovívavém pohledu odhalují jejich citovou vyprahlost, přízemní smýšlení a snahu po bezstarostném vegetování, přičemžnezůstávají jen u odhalení a naznačují i správnou cestu. 
830 0 |a Malá žatva  |0 s 
910 |a BOA001  |b 1-0787.221 
990 |a BK 
991 |b 200806 
996 6 |b 2619542256  |c 1-0787.221  |l MZK  |r Sklad / do 1 hodiny  |n 0  |w 001066490  |u 000010  |a 1  |e BOA001  |j MZK50  |s P